000 00615nam a22001457a 4500
020 _a978-1-4814-0015-2
082 _a823
_bKEE/N
100 _aKEENE, CAROLYN
245 _aNANCY DREW DIARIES - THE PHANTOM OF NANTUCKET
260 _aNEW YORK
_bALADDIN PAPERBACKS
_c2014
300 _a177
520 _aJenna's been working on the exhibit for months, but when the girls get to the museum, a threatening banner has replaced the welcome sign. Nancy's got plenty of potential suspects, but she's worried she won't be able to solve the case in time to save the opening.
650 _aMYSTERY
_zUNITED STATES
942 _cBK
999 _c7877
_d7877